| 000 | 01985nam a2200301Ia 4500 | ||
|---|---|---|---|
| 003 | OSt | ||
| 005 | 20211021154805.0 | ||
| 008 | 210310s1965 mx ad fr 000 0 spa d | ||
| 040 |
_aCO-JMCR _cCO-JMCR |
||
| 041 | 1 |
_aspa _hfre |
|
| 082 | 0 | 4 |
_a330.124 / _bB661p _223 |
| 100 | 1 |
_aBénard, Jean, _917897 _eautor |
|
| 245 | 1 | 0 |
_aProgramación del desarrollo económico / _cJean Bénard, Nicholas Kaldor, Michael Kalecki [y otros 2] |
| 250 | _aPrimera edición | ||
| 260 |
_aMéxico : _bFondo de Cultura Económica, _c1965 |
||
| 300 |
_a191 páginas : _bilustraciones y gráficas a blanco y negro ; _c21 cm. |
||
| 490 | 0 | _aSección de Obras de Economía | |
| 500 | _aTítulo original: Comptes Rendus des travaux du stage DÉtude de Sao Paulo sur la Programmation du Developpment Economique Incluye notas a pie de página. | ||
| 504 | _aBibliografía al final de algunos capítulos. | ||
| 505 | 0 |
_tFunciones macroeconómicas de producción y planeación / _rJean Bénard _tLos métodos de la planeación francesa y su adaptación a los países en vía de desarrollo / _rJean Bénard _tEl problema de la relación de precios del intercambio en los países subdesarrollados / _rNicholas Kaldor _tBosquejo de un método para elaborar un plan perspectivo / _rMichael Kalecki _tProblemas de financiamiento del desarrollo económico en una economía mixta / _rMichael Kalecki _tLas transferencias de capital de las zonas desarrolladas a las subdesarrolladas y sus tasas futuras de crecimiento económico / _rWassily Leontief _tPlaneación óptima / _rJ.Tinbergen _tPlaneación óptima (segunda parte) / _rJ.Tinbergen |
|
| 546 | _aTraducido del francés. | ||
| 650 | 1 | 4 |
_aPolítica económica _917899 _xCongresos, conferencias, etc. |
| 650 | 2 | 4 |
_aDesarrollo económico _xCongresos, conferencias, etc. _941239 |
| 650 | 2 | 4 |
_aDesarrollo social _xCongresos, conferencias, etc. _941240 |
| 700 | 1 |
_aKaldor, Nicholas, _eautor _941241 |
|
| 700 | 1 |
_aKalecki, Michael, _eautor _95372 |
|
| 942 |
_2ddc _cBK |
||
| 999 |
_c8653 _d8653 |
||